000 00326nam a2200121Ia 4500
005 20260326100030.0
008 260326s9999||||xx |||||||||||||| ||und||
100 _aBo Bardi, Lina
245 0 _aCasa de Vidrio = The Glass House (1950-1951) /
_cLina Bo Bardi
260 _bBlau
650 _aARQUITECTURA RESIDENCIAL
942 _cBK
999 _c6554
_d6554